| 000 | 00724cab a2200229 4500 | ||
|---|---|---|---|
| 001 | WB3139-02 | ||
| 008 | 090401t1995 xxu||||| |||| 00| 0 eng d | ||
| 035 | _a(Sirsi) u2640 | ||
| 041 | _aeng | ||
| 245 | _aUlster suffers blow in economy | ||
| 260 | _c1995 | ||
| 350 | _a0 | ||
| 490 |
_aEvening Standard _v19 October 1995, 35(1) |
||
| 520 | _aApart from the general malaise in the construction industry, workload in Ulster is suffering due to a lack of reconstruction work since the paramilitaries suspended their bombing campaigns. | ||
| 650 | _aNORTHERN IRELAND | ||
| 650 | _aPEACE PROCESS | ||
| 650 | _aULSTER | ||
| 650 | _aWORKLOAD SURVEY | ||
| 690 | _aBUILT ENVIRONMENT | ||
| 942 | _n0 | ||
| 948 | _c04/03/1997 | ||
| 999 |
_c1588 _d1588 |
||